List of airBaltic Destinations - Statistics

General Stats
  • This quiz has been taken 42 times
    25 since last reset
  • The average score is 52 of 78
Answer Stats
Hint Answer % Correct
Belgium Brussels
100%
Denmark Copenhagen
100%
Italy Milan
100%
Belarus Minsk
100%
Czech Republic Prague
100%
Italy Rome
100%
Estonia, Focus City Tallinn
100%
Austria Vienna
100%
Greece Athens
93%
Azerbaijan, Seasonal Baku
93%
Germany Berlin
93%
Ireland Dublin
93%
Germany Frankfurt
93%
Germany Hamburg
93%
Finland Helsinki
93%
Germany Munich
93%
France Paris
93%
Iceland, Seasonal Reykjavik
93%
Germany Stuttgart
93%
Israel Tel Aviv
93%
Armenia, Seasonal Yerevan
93%
Hungary Budapest
87%
Croatia, Seasonal Dubrovnik
87%
Germany Dusseldorf
87%
France Nice
87%
Latvia, Main Hub Riga
87%
Austria, Seasonal Salzburg
87%
Croatia, Seasonal Split
87%
Netherlands Amsterdam
80%
Norway Oslo
80%
Georgia Tbilisi
80%
Greece Thessaloniki
80%
Italy Venice
80%
Lithuania, Focus City Vilnius
80%
Denmark Billund
73%
Greece, Seasonal Charter Heraklion
73%
Egypt, Seasonal Charter Hurghada
73%
Cyprus Larnaca
73%
Poland Warsaw
73%
Kazakhstan, Seasonal Almaty
67%
Greece, Seasonal Charter Corfu
67%
Portugal Lisbon
67%
Egypt, Seasonal Charter Sharm
67%
Finland Turku
67%
Switzerland Zurich
67%
Spain Barcelona
60%
Norway Bergen
60%
Switzerland Geneva
60%
UK London
60%
Spain Madrid
60%
Russia Moscow
60%
Greece, Seasonal Rhodes
60%
Sweden Stockholm
60%
Norway Trondheim
60%
Sweden Gothenburg
53%
Ukraine Kiev
53%
UK Manchester
53%
Russia St Petersburg
53%
UAE, Seasonal Abu Dhabi
47%
Turkey, Seasonal Charter Antalya
47%
Bulgaria, Seasonal Charter Burgas
47%
Norway Stavanger
47%
Italy Verona
47%
Spain, Seasonal Malaga
40%
Croatia, Seasonal Rijeka
40%
Finland Kittilä
33%
Ukraine, Seasonal Odessa
33%
Italy, Seasonal Olbia
27%
Lithuania Palanga
27%
Spain, Seasonal Palma de Mallorca
27%
Italy, Seasonal Charter Ancona
20%
Russia Kazan
20%
Latvia Liepāja
20%
Russia, Seasonal Yekaterinburg
20%
Spain, Seasonal Charter Gran Canaria
7%
Russia, Seasonal Kaliningrad
7%
UK Aberdeen
0%
Italy Cantania
0%
No matching quizzes found
Score Distribution
Percent of People with Each Score
Percentile by Number Answered
Your Score History
You have not taken this quiz since the last reset